Statistics for Europe Map Quiz in their Native Language

Click here to take the quiz!

General Stats

  • This quiz has been taken 1,356 times
  • The average score is 37 of 45

Answers on the Map

Answers color-coded by a green-red scale on the quiz's map according to % correct below.
 

Answer Stats

Answer% Correct
España
98%
France
97%
Italia
97%
Portugal
96%
United Kingdom
96%
Deutschland
95%
België
94%
Danmark
94%
Ísland
93%
Polska
92%
Česká republika
91%
Nederland
91%
Éire
90%
Norge
90%
Lëtzebuerg
89%
Österreich
89%
Latvija
88%
România
87%
Schweiz
87%
Andorra
86%
Città del Vaticano
86%
Ελλάδα
85%
Eesti
85%
Liechtenstein
84%
Malta
84%
Monaco
84%
Россия
83%
San Marino
83%
Sverige
83%
Lietuva
82%
Slovensko
82%
Moldova
81%
Slovenija
81%
Suomi
81%
Kosova
80%
Magyarország
71%
Босна и
Херцеговина
70%
Hrvatska
70%
Северна
Македонија
67%
Україна
66%
България
64%
Србија
60%
Белару́сь
59%
Shqipëri
57%
Црна Гора
50%

Score Distribution

Percentile by Number Answered

Percent of People with Each Score

Your Score History

You have not taken this quiz